000 00501nam a2200181Ia 4500
005 20250326124144.0
008 250326s9999 xx 000 0 und d
037 _aTextbook
040 _aFMSL
_beng
_cFMSL
041 _aeng
_2eng
084 _aX:5.1 M0
_qFMSL
100 _aMehta A
_9613642
245 0 _aMoney, banking and international trade
_cMehta A; Bhardwaj O P
260 _aDelhi
_bDelhi, Vishal
_c1980
300 _a512p
942 _cTB
_hX:5.1 M0
999 _c1272517
_d1272517